000 01377nam a2200325 a 4500
001 000037638
003 DO-SdBNP
005 20220325111510.0
007 000037638
008 121023s2012 dr a 001 0 spa d
020 _a978994588308
040 _aBPMSU
_bspa
_cBPMSU
082 4 _a704.0397293
_bT134o 2012
_222
245 0 0 _aTaínos : orígenes, cultura, creencias, arte, herencia /texto de
_cManuel García Arévalo,...[et.al].
260 _aSanto Domingo :
_bOdebrecht,
_c2012.
300 _a267 p. :
_bil. ;
_c32 cm.
500 _aTexto a dos columnas
505 2 _tLas culturas iniciales de la isla de Santo Domingo --
_tCultura taína --
_tReligión y mitología taínas --
_tEl arte taíno 55 El arte rupestre prehispánico en La Española 220 Lo que heredamos de los taínos --
_tLo que heredamos de los taínos --
_tEl arte rupestre prehispánico en La Española --
_tLo que heredamos de los taínos
650 _aTaínos
_xVida social y costumbres.
650 4 _aArte precolombino
_zAntillas (Región)
_2
650 4 _aArte taíno
_vCatálogos.
650 4 _aTaínos
_xHistoria.
650 _aCultura indigenas
_zHispaniola
700 2 _aGarcía Arévalo, Manuel
910 _aVMateo V.
942 _2ddc
_cBK
945 _aInventariado / 2017 VM
956 _aVMANTEO
_b10
_c20150805
_lBPMSU
_h00151
956 _aValidado. Control de calidad MFF
999 _c8078
_d8078